[Event "Madrid-ch Semifinal B"]
[Site "Madrid ESP"]
[Date "2016.03.03"]
[Round "1.1"]
[White "Vallejo Nuño, Jorge"]
[Black "Ocaña Lameiro, Oliver"]
[Result "1/2-1/2"]
[WhiteElo "2126"]
[BlackElo "1953"]
[PlyCount "41"]
[EventDate "2016.03.03"]
[EventType "swiss"]
[EventRounds "9"]
[EventCountry "ESP"]
[Source "lmi"]
[SourceDate "2016.03.03"]

1. e4 c6 2. Nc3 d5 3. Nf3 g6 4. d4 dxe4 5. Nxe4 Bg7 6. Bd3 Nf6 7. Nxf6+ exf6 8.
O-O O-O 9. h3 Nd7 10. c4 f5 11. Qc2 Nf6 12. Bd2 Bd7 13. Ne5 Ne4 14. Bxe4 fxe4
15. Qxe4 Bf5 16. Qf4 f6 17. Nf3 Bd3 18. Rfc1 Re8 19. Rc3 Re4 20. Qg3 Be2 21.
Be3 1/2-1/2

[Event "Madrid-ch Semifinal B"]
[Site "Madrid ESP"]
[Date "2016.03.03"]
[Round "1.3"]
[White "Ramos del Campo, Alexander"]
[Black "Molina Garcia, Francisco Javier"]
[Result "1-0"]
[WhiteElo "2091"]
[BlackElo "1907"]
[PlyCount "141"]
[EventDate "2016.03.03"]
[EventType "swiss"]
[EventRounds "9"]
[EventCountry "ESP"]
[Source "lmi"]
[SourceDate "2016.03.03"]

1. b3 Nf6 2. Bb2 g6 3. Bxf6 exf6 4. c4 f5 5. Nc3 Bg7 6. g3 O-O 7. Bg2 d6 8. e3
Nd7 9. Nge2 Re8 10. O-O Nf6 11. d3 Rb8 12. b4 Be6 13. Rb1 d5 14. cxd5 Nxd5 15.
Nxd5 Bxd5 16. Bxd5 Qxd5 17. Qc2 Rbc8 18. d4 h5 19. Rfc1 Bf8 20. Nf4 Qf3 21. Qc4
Kg7 22. Qd5 Qe4 23. Qxe4 fxe4 24. Rc4 Bd6 25. Nd5 c6 26. Rbc1 Rb8 27. Nc3 Rbc8
28. Ne2 b5 29. Rxc6 Rxc6 30. Rxc6 Bxb4 31. Nf4 Bf8 32. Ra6 Rc8 33. Rxa7 Rc1+
34. Kg2 Ra1 35. Ne6+ Kg8 36. Nxf8 Kxf8 37. f3 exf3+ 38. Kxf3 b4 39. Ra4 Rb1 40.
Ke4 b3 41. axb3 Rxb3 42. h4 Rb1 43. d5 Rd1 44. Ke5 Rd3 45. Ra8+ Ke7 46. Ra7+
Ke8 47. e4 Rxg3 48. Kd6 Kf8 49. e5 g5 50. hxg5 Rxg5 51. e6 fxe6 52. dxe6 Rg6
53. Rf7+ Kg8 54. Rf1 Rg2 55. e7 Rd2+ 56. Ke6 Re2+ 57. Kf6 h4 58. Rg1+ Kh8 59.
Rg4 h3 60. Rh4+ Kg8 61. Rg4+ Kh8 62. Rh4+ Kg8 63. Rxh3 Rf2+ 64. Ke6 Re2+ 65.
Kd7 Rd2+ 66. Ke8 Rd1 67. Rg3+ Kh7 68. Rg5 Kh6 69. Rg2 Rf1 70. Rd2 Kg7 71. Kd8
1-0

[Event "Madrid-ch Semifinal B"]
[Site "Madrid ESP"]
[Date "2016.03.03"]
[Round "1.5"]
[White "Quispe Arteaga, Gabriel"]
[Black "Perea Blanco, David"]
[Result "1-0"]
[WhiteElo "2059"]
[BlackElo "1884"]
[PlyCount "73"]
[EventDate "2016.03.03"]
[EventType "swiss"]
[EventRounds "9"]
[EventCountry "ESP"]
[Source "lmi"]
[SourceDate "2016.03.03"]

1. d4 Nf6 2. c4 e6 3. Nf3 d5 4. e3 c5 5. Nc3 Nc6 6. b3 cxd4 7. exd4 dxc4 8.
bxc4 Bb4 9. Bb2 O-O 10. Bd3 Qa5 11. Qc2 Rd8 12. O-O Qh5 13. Ne2 Bd6 14. a3 Ne7
15. d5 b6 16. Ng3 Bxg3 17. hxg3 Ne8 18. g4 Qxg4 19. Bxh7+ Kf8 20. Bd3 exd5 21.
Rfe1 Be6 22. Nd4 dxc4 23. Be2 Qg6 24. Nxe6+ fxe6 25. Qxc4 Rac8 26. Qb4 Rc5 27.
Bf3 Nc7 28. a4 Ncd5 29. Qh4 Rd7 30. Ba3 Nf5 31. Bxc5+ bxc5 32. Qh8+ Ke7 33. Bh5
Qf6 34. Qe8+ Kd6 35. Rad1 Rd8 36. Rxe6+ Qxe6 37. Qxd8+ 1-0

[Event "Madrid-ch Semifinal B"]
[Site "Madrid ESP"]
[Date "2016.03.03"]
[Round "1.6"]
[White "Cuellar Gutierrez, Raul"]
[Black "Gonzalez Rivera, Eduardo"]
[Result "1/2-1/2"]
[WhiteElo "1803"]
[BlackElo "2047"]
[PlyCount "89"]
[EventDate "2016.03.03"]
[EventType "swiss"]
[EventRounds "9"]
[EventCountry "ESP"]
[Source "lmi"]
[SourceDate "2016.03.03"]

1. e4 e5 2. Nf3 Nc6 3. Bb5 a6 4. Ba4 Nf6 5. O-O Nxe4 6. Re1 Nc5 7. Bxc6 dxc6 8.
Nxe5 Be7 9. d4 Ne6 10. c3 O-O 11. Nd2 c5 12. dxc5 Bxc5 13. Ne4 Qxd1 14. Rxd1
Be7 15. Nf3 h6 16. b3 f5 17. Ng3 Bf6 18. Bb2 Nf4 19. Rab1 b5 20. Nd4 g6 21.
Nge2 Nxe2+ 22. Nxe2 Be6 23. Nf4 Bf7 24. c4 Bxb2 25. Rxb2 bxc4 26. bxc4 Rfd8 27.
Rbd2 Rxd2 28. Rxd2 Rb8 29. f3 Rb1+ 30. Kf2 Rc1 31. Nd3 Rxc4 32. Ne5 Rc5 33. f4
Rd5 34. Rxd5 Bxd5 35. a3 Kg7 36. g3 g5 37. Ke3 gxf4+ 38. gxf4 Kf6 39. Kd4 Ke6
40. Kc5 Bb7 41. Nd3 Kf6 42. Ne5 Be4 43. Kd4 Bg2 44. Kc5 Kg7 45. Kd4 1/2-1/2

[Event "Madrid-ch Semifinal B"]
[Site "Madrid ESP"]
[Date "2016.03.03"]
[Round "1.7"]
[White "Aguilera Lopez, Alejandro"]
[Black "Fernandez Rios, Jose Francisco"]
[Result "1-0"]
[WhiteElo "2044"]
[BlackElo "1776"]
[PlyCount "43"]
[EventDate "2016.03.03"]
[EventType "swiss"]
[EventRounds "9"]
[EventCountry "ESP"]
[Source "lmi"]
[SourceDate "2016.03.03"]

1. d4 Nf6 2. Nf3 e6 3. e3 b6 4. Bd3 Bb7 5. Nbd2 d5 6. O-O c5 7. b3 Bd6 8. Bb2
Nc6 9. Ne5 O-O 10. a3 Ne7 11. Qf3 Ng6 12. g3 cxd4 13. exd4 Qc7 14. Qe2 Rac8 15.
Rac1 Qe7 16. a4 Ne8 17. f4 f5 18. Nxg6 hxg6 19. Rfe1 Kf7 20. Nf3 Nc7 21. Ng5+
Kg8 22. Qg2 1-0

[Event "Madrid-ch Semifinal B"]
[Site "Madrid ESP"]
[Date "2016.03.03"]
[Round "1.8"]
[White "Cruz Gonzalez, Antonio"]
[Black "Pindado Campos, Raul"]
[Result "1-0"]
[WhiteElo "1709"]
[BlackElo "2035"]
[PlyCount "165"]
[EventDate "2016.03.03"]
[EventType "swiss"]
[EventRounds "9"]
[EventCountry "ESP"]
[Source "lmi"]
[SourceDate "2016.03.03"]

1. e4 d5 2. exd5 Qxd5 3. Nc3 Qa5 4. d4 Nf6 5. Bd2 c6 6. Be2 Bf5 7. Nf3 e6 8. a3
Qc7 9. Nh4 Bg6 10. Nxg6 hxg6 11. g3 Bd6 12. Bf3 Nbd7 13. Qe2 O-O-O 14. b4 Nd5
15. Ne4 N7f6 16. Nxd6+ Qxd6 17. c4 Nc7 18. Be3 e5 19. dxe5 Qxe5 20. O-O Rhe8
21. Rad1 Nd7 22. Qc2 Kb8 23. Bf4 Qf5 24. Qb3 Ne5 25. Bg2 g5 26. Bxe5 Qxe5 27.
b5 Rxd1 28. Rxd1 f5 29. Bxc6 Rc8 30. Bg2 Ne6 31. b6 a6 32. Bd5 Nc5 33. Qb4 Qf6
34. Re1 Ne4 35. Bxe4 fxe4 36. Rxe4 Rd8 37. Re1 Qh6 38. c5 Rh8 39. h4 Qc6 40.
Qd4 gxh4 41. Qd6+ Qxd6 42. cxd6 Kc8 43. Re7 hxg3 44. fxg3 Rh6 45. Rc7+ Kd8 46.
Rxg7 Rxd6 47. Rxb7 Kc8 48. Rc7+ Kd8 49. Kg2 Rxb6 50. Ra7 Ke8 51. a4 Kd8 52. a5
Rf6 53. g4 Kc8 54. Kg3 Rg6 55. Kf4 Kd8 56. Kf5 Rc6 57. Kf4 Ke8 58. g5 Kf8 59.
Kg4 Kg8 60. Kh5 Kf8 61. g6 Rc1 62. Rxa6 Rh1+ 63. Kg4 Kg7 64. Rb6 Ra1 65. a6
Rg1+ 66. Kf5 Rf1+ 67. Ke5 Rd1 68. Rd6 Ra1 69. Kd5 Ra5+ 70. Kc4 Kf8 71. Kb4 Ra1
72. Kc5 Ke7 73. Rb6 Kd7 74. Rf6 Kc7 75. Rf7+ Kb8 76. g7 Rc1+ 77. Kd4 Rg1 78.
Rf8+ Ka7 79. g8=Q Rd1+ 80. Kc3 Rd7 81. Ra8+ Kb6 82. Qb3+ Ka5 83. Qb4# 1-0

[Event "Madrid-ch Semifinal B"]
[Site "Madrid ESP"]
[Date "2016.03.03"]
[Round "1.9"]
[White "Rojas Pozo, Jose Luis"]
[Black "Leniz Martinez, Francisco"]
[Result "1-0"]
[WhiteElo "2017"]
[BlackElo "1698"]
[PlyCount "65"]
[EventDate "2016.03.03"]
[EventType "swiss"]
[EventRounds "9"]
[EventCountry "ESP"]
[Source "lmi"]
[SourceDate "2016.03.03"]

1. Nf3 Nf6 2. c4 c5 3. Nc3 Nc6 4. g3 g6 5. Bg2 Bg7 6. O-O O-O 7. d4 cxd4 8.
Nxd4 a6 9. Nb3 Re8 10. h3 h6 11. e4 d6 12. Be3 Nd7 13. Qe2 Rb8 14. Rad1 b6 15.
f4 Bb7 16. Kh2 Qc8 17. h4 Ba8 18. Qd2 Nc5 19. Nd4 Nxd4 20. Bxd4 Bf8 21. Nd5 a5
22. b3 Bc6 23. Ba1 Bg7 24. Bxg7 Kxg7 25. Qc3+ Kg8 26. f5 gxf5 27. exf5 f6 28.
Qf3 Bxd5 29. Qg4+ Kh8 30. Bxd5 e6 31. fxe6 Nxe6 32. Rxf6 Rb7 33. Bxb7 1-0

[Event "Madrid-ch Semifinal B"]
[Site "Madrid ESP"]
[Date "2016.03.03"]
[Round "1.10"]
[White "Estevez Sacristan, Deva"]
[Black "Ruiz Sanchez, Roberto"]
[Result "1-0"]
[WhiteElo "1651"]
[BlackElo "1982"]
[PlyCount "51"]
[EventDate "2016.03.03"]
[EventType "swiss"]
[EventRounds "9"]
[EventCountry "ESP"]
[Source "lmi"]
[SourceDate "2016.03.03"]

1. e4 c5 2. Nf3 d6 3. d4 cxd4 4. Nxd4 Nf6 5. Nc3 a6 6. Be2 e6 7. O-O Be7 8. Be3
O-O 9. Kh1 Qc7 10. f4 b5 11. a3 Bb7 12. Bd3 Nbd7 13. Qf3 Rfe8 14. Rae1 Rac8 15.
Qh3 Qb8 16. Nf3 e5 17. fxe5 dxe5 18. Ng5 Red8 19. Nd5 Bxd5 20. exd5 h6 21. Nxf7
e4 22. Nxd8 exd3 23. Qe6+ Kh7 24. Nc6 Nf8 25. Qxe7 Re8 26. Qxf6 1-0

[Event "Madrid-ch Semifinal B"]
[Site "Madrid ESP"]
[Date "2016.03.03"]
[Round "1.11"]
[White "Vukotic Jovsic, Dragan"]
[Black "Zhou, Lulu"]
[Result "0-1"]
[WhiteElo "1977"]
[BlackElo "1522"]
[PlyCount "74"]
[EventDate "2016.03.03"]
[EventType "swiss"]
[EventRounds "9"]
[EventCountry "ESP"]
[Source "lmi"]
[SourceDate "2016.03.03"]

1. d4 d5 2. Nf3 Nf6 3. Bf4 c6 4. c3 e6 5. e3 Nbd7 6. Nbd2 Be7 7. Bd3 h6 8. Ne5
Nxe5 9. Bxe5 Bd6 10. f4 a6 11. O-O O-O 12. a4 Bxe5 13. fxe5 Nd7 14. e4 c5 15.
exd5 exd5 16. Qf3 cxd4 17. cxd4 Nb8 18. Bf5 Nc6 19. Bxc8 Rxc8 20. Nb3 Qd7 21.
Rac1 b6 22. Rc3 f6 23. Qe2 fxe5 24. Rxf8+ Rxf8 25. dxe5 a5 26. e6 Qd6 27. Qc2
Qxe6 28. Qc1 Nb4 29. Nd4 Qf6 30. Nf3 Na2 31. Qd2 Nxc3 32. bxc3 Qc6 33. Nd4 Qxa4
34. h3 Qd7 35. Qb2 Rb8 36. Nb5 a4 37. Qa2 Qxb5 0-1

[Event "Madrid-ch Semifinal B"]
[Site "Madrid ESP"]
[Date "2016.03.04"]
[Round "2.1"]
[White "Martinez Alvira, Santiago"]
[Black "Ramos del Campo, Alexander"]
[Result "0-1"]
[WhiteElo "1947"]
[BlackElo "2091"]
[PlyCount "108"]
[EventDate "2016.03.03"]
[EventType "swiss"]
[EventRounds "9"]
[EventCountry "ESP"]
[Source "lmi"]
[SourceDate "2016.03.03"]

1. f4 Nf6 2. Nf3 g6 3. e3 Bg7 4. d4 O-O 5. Bd3 d6 6. O-O Nbd7 7. f5 e5 8. fxe6
fxe6 9. c3 Qe8 10. Qb3 Kh8 11. Ng5 Nb6 12. Na3 Bd7 13. Qc2 Rc8 14. Bd2 c5 15.
Rae1 e5 16. Qb1 Bc6 17. dxc5 dxc5 18. Nc4 Rd8 19. Rd1 e4 20. Be2 Bb5 21. b3 Bh6
22. h4 Nxc4 23. Bxc4 Bxc4 24. bxc4 Bxg5 25. hxg5 Ng4 26. Rf4 Rxf4 27. exf4 Qa4
28. Re1 Rxd2 29. Qxe4 Rd1 30. Kf1 Qd7 31. Qe2 Rxe1+ 32. Kxe1 Kg7 33. Qf3 h5 34.
gxh6+ Nxh6 35. f5 Nxf5 36. g4 Qe6+ 37. Kd2 Nd6 38. Qf4 Nxc4+ 39. Kc2 Nd6 40.
Kb2 Qe2+ 41. Kb3 Qc4+ 42. Qxc4 Nxc4 43. Kxc4 Kf6 44. Kxc5 Kg5 45. a4 Kxg4 46.
a5 Kf4 47. a6 bxa6 48. Kd6 a5 49. c4 a4 50. c5 a3 51. c6 a2 52. c7 a1=Q 53.
c8=Q Qf6+ 54. Kd5 Qf5+ 0-1

[Event "Madrid-ch Semifinal B"]
[Site "Madrid ESP"]
[Date "2016.03.04"]
[Round "2.2"]
[White "Morera Rodriguez, Ignacio"]
[Black "Quispe Arteaga, Gabriel"]
[Result "0-1"]
[WhiteElo "1901"]
[BlackElo "2059"]
[PlyCount "98"]
[EventDate "2016.03.03"]
[EventType "swiss"]
[EventRounds "9"]
[EventCountry "ESP"]
[Source "lmi"]
[SourceDate "2016.03.03"]

1. d4 d5 2. Nf3 e6 3. g3 Nf6 4. Bg2 Bd6 5. O-O O-O 6. c4 c6 7. cxd5 exd5 8. Nc3
Bf5 9. a3 Nbd7 10. b4 Qe7 11. b5 Rfe8 12. bxc6 bxc6 13. Bg5 h6 14. Bxf6 Qxf6
15. Qa4 Nb6 16. Qd1 Nc4 17. Nd2 Qxd4 18. Nxc4 Qxc4 19. Nxd5 Rad8 20. Ne3 Qb5
21. Qc1 Be4 22. Bxe4 Rxe4 23. Rb1 Qa6 24. Qc2 Ree8 25. a4 Be7 26. h4 Qc8 27.
Rfc1 c5 28. Rb5 Bf8 29. Rcb1 Qh3 30. R1b3 Rd4 31. Rb8 Qe6 32. Rxe8 Qxe8 33. a5
Rb4 34. Rd3 Qe4 35. Qc3 Rb1+ 36. Rd1 Rxd1+ 37. Nxd1 Qxe2 38. Ne3 Qb5 39. Kh2
Qb4 40. Qe5 Qxa5 41. Qe8 Qa2 42. Kg2 Qe6 43. Qa8 a6 44. Nd5 c4 45. Nf4 Qd6 46.
Qc8 Qc5 47. Qxa6 c3 48. Qa1 c2 49. Qc1 Qc6+ 0-1

[Event "Madrid-ch Semifinal B"]
[Site "Madrid ESP"]
[Date "2016.03.04"]
[Round "2.3"]
[White "Cruz Gonzalez, Antonio"]
[Black "Aguilera Lopez, Alejandro"]
[Result "1-0"]
[WhiteElo "1709"]
[BlackElo "2044"]
[PlyCount "83"]
[EventDate "2016.03.03"]
[EventType "swiss"]
[EventRounds "9"]
[EventCountry "ESP"]
[Source "lmi"]
[SourceDate "2016.03.03"]

1. e4 c5 2. Nf3 e6 3. d4 cxd4 4. Nxd4 Nf6 5. Nc3 Nc6 6. Ndb5 Bb4 7. Nd6+ Ke7 8.
Bf4 e5 9. Nf5+ Kf8 10. Bd2 Bxc3 11. Bxc3 Nxe4 12. Qg4 Ng5 13. h4 Ne6 14. Bc4 g6
15. Nd6 Qe7 16. O-O-O f5 17. Qg3 Ned4 18. Nb5 Qc5 19. Qd3 Nxb5 20. Bxb5 a6 21.
Bxc6 bxc6 22. Qd6+ Qxd6 23. Rxd6 Kf7 24. Bxe5 Re8 25. Rf6+ Kg8 26. f4 Re6 27.
Rxe6 dxe6 28. Rd1 Kf7 29. Rd6 Ke7 30. Rxc6 Bd7 31. Rb6 Bb5 32. Rb7+ Bd7 33. c4
a5 34. b3 a4 35. b4 Ke8 36. g3 Rc8 37. c5 h5 38. Kb2 Bc6 39. Rg7 Rd8 40. Bd6
Bd5 41. a3 Rc8 42. b5 1-0

[Event "Madrid-ch Semifinal B"]
[Site "Madrid ESP"]
[Date "2016.03.04"]
[Round "2.4"]
[White "Zhou, Lulu"]
[Black "Rojas Pozo, Jose Luis"]
[Result "0-1"]
[WhiteElo "1522"]
[BlackElo "2017"]
[PlyCount "86"]
[EventDate "2016.03.03"]
[EventType "swiss"]
[EventRounds "9"]
[EventCountry "ESP"]
[Source "lmi"]
[SourceDate "2016.03.03"]

1. e4 c6 2. d4 d5 3. exd5 cxd5 4. Bd3 Nc6 5. c3 Nf6 6. Bf4 Bg4 7. f3 Bh5 8. Ne2
e6 9. Nd2 Bd6 10. Bxd6 Qxd6 11. Ng3 Bg6 12. Bxg6 hxg6 13. a4 Rxh2 14. Ndf1 Rxh1
15. Nxh1 e5 16. Qe2 O-O-O 17. dxe5 Nxe5 18. O-O-O Nc4 19. Kb1 Qb6 20. Kc1 Re8
21. Qc2 Kb8 22. Nf2 Qe6 23. b3 Na5 24. Ng3 Qe5 25. Nfh1 Rd8 26. Kb2 Nc6 27. Ne2
Qh2 28. Nd4 Re8 29. Nxc6+ bxc6 30. Qf2 Nh5 31. Qf1 Nf4 32. Rd2 Kb7 33. Rc2 Rh8
34. Qd1 Qxh1 35. Qd4 Ne6 36. Qb4+ Ka8 37. Qd6 Rc8 38. a5 Qh8 39. Qa3 Qf8 40.
Qa2 a6 41. Ka1 Qc5 42. b4 Qc4 43. Qb2 Rb8 0-1

[Event "Madrid-ch Semifinal B"]
[Site "Madrid ESP"]
[Date "2016.03.04"]
[Round "2.5"]
[White "Gonzalez Rivera, Eduardo"]
[Black "Estevez Sacristan, Deva"]
[Result "1-0"]
[WhiteElo "2047"]
[BlackElo "1651"]
[PlyCount "83"]
[EventDate "2016.03.03"]
[EventType "swiss"]
[EventRounds "9"]
[EventCountry "ESP"]
[Source "lmi"]
[SourceDate "2016.03.03"]

1. e4 e6 2. d4 d5 3. Nd2 c5 4. Ngf3 Nc6 5. exd5 Qxd5 6. Bc4 Qd8 7. Nb3 cxd4 8.
O-O Nf6 9. Nbxd4 Nxd4 10. Nxd4 Bc5 11. c3 O-O 12. Bg5 a6 13. Qe2 Bxd4 14. cxd4
b5 15. Bxf6 Qxf6 16. Qe4 Rb8 17. Bd3 Qh6 18. f4 Bb7 19. Qe5 Rfd8 20. Rac1 Bd5
21. Rc7 f6 22. Qe3 Rbc8 23. Qc1 Ra8 24. Qc5 Re8 25. b4 Kh8 26. a3 Kg8 27. Qc2
Kh8 28. Be4 Qh5 29. Rf3 Bxe4 30. Qxe4 Qd5 31. Qxd5 exd5 32. Rg3 Re1+ 33. Kf2
Re4 34. Rgxg7 Rxf4+ 35. Kg3 Rxd4 36. Rxh7+ Kg8 37. Rcg7+ Kf8 38. h4 Rd3+ 39.
Kh2 Rxa3 40. h5 d4 41. h6 d3 42. Rh8# 1-0

[Event "Madrid-ch Semifinal B"]
[Site "Madrid ESP"]
[Date "2016.03.04"]
[Round "2.6"]
[White "Ocaña Lameiro, Oliver"]
[Black "Cuellar Gutierrez, Raul"]
[Result "1/2-1/2"]
[WhiteElo "1953"]
[BlackElo "1803"]
[PlyCount "61"]
[EventDate "2016.03.03"]
[EventType "swiss"]
[EventRounds "9"]
[EventCountry "ESP"]
[Source "lmi"]
[SourceDate "2016.03.03"]

1. e4 e6 2. Qe2 d5 3. exd5 Qxd5 4. Nc3 Qd8 5. Nf3 Nf6 6. d4 Be7 7. g3 b6 8. Bg2
Bb7 9. Be3 O-O 10. Rd1 Qc8 11. Qd2 Nbd7 12. O-O Rd8 13. Qc1 c5 14. dxc5 Bxc5
15. Bxc5 Qxc5 16. Rd2 Qh5 17. Qd1 Rdc8 18. Nd4 Qxd1 19. Rfxd1 Bxg2 20. Kxg2 Ne5
21. Ndb5 Nc4 22. Nd6 Nxd2 23. Nxc8 Rxc8 24. Rxd2 Kf8 25. h3 Ke7 26. f4 Rc4 27.
Kf3 g6 28. g4 h5 29. g5 Nd7 30. Re2 Rc5 31. Ne4 1/2-1/2

[Event "Madrid-ch Semifinal B"]
[Site "Madrid ESP"]
[Date "2016.03.04"]
[Round "2.7"]
[White "Perez de Aranda, Leonardo Ivan"]
[Black "Vallejo Nuño, Jorge"]
[Result "1/2-1/2"]
[WhiteElo "2082"]
[BlackElo "2126"]
[PlyCount "34"]
[EventDate "2016.03.03"]
[EventType "swiss"]
[EventRounds "9"]
[EventCountry "ESP"]
[Source "lmi"]
[SourceDate "2016.03.03"]

1. e4 c6 2. d4 d5 3. exd5 cxd5 4. Bd3 Nc6 5. c3 Qc7 6. Ne2 Bg4 7. O-O e6 8. Bg5
Bd6 9. h3 Bxe2 10. Qxe2 Bf4 11. Qg4 Bxg5 12. Qxg5 Kf8 13. Nd2 g6 14. c4 Kg7 15.
cxd5 exd5 16. Qxd5 Rd8 17. Qc5 Qd6 1/2-1/2

[Event "Madrid-ch Semifinal B"]
[Site "Madrid ESP"]
[Date "2016.03.04"]
[Round "2.8"]
[White "Pindado Campos, Raul"]
[Black "Molina Garcia, Francisco Javier"]
[Result "1-0"]
[WhiteElo "2035"]
[BlackElo "1907"]
[PlyCount "210"]
[EventDate "2016.03.03"]
[EventType "swiss"]
[EventRounds "9"]
[EventCountry "ESP"]
[Source "lmi"]
[SourceDate "2016.03.03"]

1. d4 d5 2. c4 e6 3. Nc3 Nf6 4. Nf3 Be7 5. Bf4 O-O 6. e3 c6 7. Bd3 Nbd7 8. Qc2
dxc4 9. Bxc4 Nb6 10. Bd3 Nbd5 11. Nxd5 exd5 12. O-O Bg4 13. Ne5 Bh5 14. Rab1 a5
15. a3 a4 16. b4 Bg6 17. Bxg6 hxg6 18. b5 Bxa3 19. bxc6 bxc6 20. Ra1 Bd6 21.
Rxa4 Rxa4 22. Qxa4 c5 23. dxc5 Bxc5 24. Bg5 Qa8 25. Qxa8 Rxa8 26. Bxf6 gxf6 27.
Nd7 Be7 28. Nb6 Ra5 29. Rd1 f5 30. Nxd5 Bc5 31. g3 Ra2 32. h4 Kg7 33. Kg2 Rc2
34. Kf3 Ra2 35. Nf4 Ra7 36. Nh3 Be7 37. Rb1 Rc7 38. Rb2 Ra7 39. Kg2 Rc7 40. Nf4
Ra7 41. Rc2 Rb7 42. Nd5 Rd7 43. Nxe7 Rxe7 44. Rc5 Kf6 45. Kf3 Re4 46. Rd5 Ra4
47. Rd4 Ra2 48. Rf4 Kg7 49. Kg2 Re2 50. Kh3 Re1 51. Kg2 Ra1 52. h5 Kh6 53. g4
fxg4 54. hxg6 Kxg6 55. Rxg4+ Kf6 56. Rb4 Ra3 57. Rb5 Kg6 58. Kg3 f6 59. Kf4
Ra4+ 60. e4 Rc4 61. f3 Ra4 62. Kg3 Rc4 63. Rb6 Kg7 64. Rd6 Ra4 65. Rd5 Rb4 66.
Rf5 Ra4 67. Rf4 Ra5 68. Rg4+ Kf7 69. Rh4 Ra3 70. Rh5 Rb3 71. Rd5 Kg6 72. Kf2
Rb2+ 73. Ke3 Rb3+ 74. Rd3 Rb1 75. f4 Re1+ 76. Kd4 Ra1 77. Rg3+ Kf7 78. f5 Ra4+
79. Ke3 Ra3+ 80. Kf4 Ra4 81. Rb3 Rc4 82. Rb7+ Kf8 83. Ke3 Ra4 84. Kd3 Ra3+ 85.
Kc4 Re3 86. Kd5 Ra3 87. Rc7 Ra5+ 88. Rc5 Ra4 89. Ke6 Ra6+ 90. Kd5 Ke7 91. Rc7+
Kf8 92. Rc6 Ra5+ 93. Ke6 Kg7 94. Rc7+ Kf8 95. Kxf6 Ra6+ 96. Kg5 Ra5 97. Kg6
Ra6+ 98. f6 Ke8 99. Kg7 Kd8 100. Rb7 Kc8 101. f7 Kxb7 102. f8=Q Rc6 103. e5 Kc7
104. Qf7+ Kd8 105. Qf6+ Rxf6 1-0

[Event "Madrid-ch Semifinal B"]
[Site "Madrid ESP"]
[Date "2016.03.04"]
[Round "2.9"]
[White "Ruiz Sanchez, Roberto"]
[Black "Perea Blanco, David"]
[Result "1-0"]
[WhiteElo "1982"]
[BlackElo "1884"]
[PlyCount "139"]
[EventDate "2016.03.03"]
[EventType "swiss"]
[EventRounds "9"]
[EventCountry "ESP"]
[Source "lmi"]
[SourceDate "2016.03.03"]

1. e4 e5 2. Nf3 Nc6 3. Bb5 a6 4. Ba4 Nf6 5. O-O b5 6. Bb3 Bb7 7. Re1 Be7 8. c3
d6 9. d4 O-O 10. Nbd2 exd4 11. cxd4 Na5 12. Bc2 c5 13. Nf1 Re8 14. Ng3 g6 15.
d5 Bf8 16. Nd2 Bg7 17. f4 b4 18. Rb1 c4 19. Nf3 b3 20. axb3 Nxb3 21. Bxb3 Qb6+
22. Be3 Qxb3 23. Qxb3 cxb3 24. Bd4 Nd7 25. Rbc1 Rac8 26. Rxc8 Rxc8 27. Bxg7
Kxg7 28. Nd4 Nc5 29. Re3 f5 30. Ndxf5+ gxf5 31. Nxf5+ Kf8 32. Nxd6 Rc7 33. Rc3
Ba8 34. g4 Ke7 35. Nf5+ Kd7 36. Ng3 a5 37. f5 a4 38. f6 Na6 39. Rxc7+ Nxc7 40.
f7 Ke7 41. d6+ Kxf7 42. dxc7 Bb7 43. Ne2 Ke6 44. Nc3 a3 45. bxa3 Ke5 46. Kf2
Kd4 47. Nd1 Kxe4 48. Ke2 Kf4 49. h3 Kg3 50. Kd3 Kxh3 51. Ne3 Kg3 52. Kc3 Kf4
53. Nd5+ Ke5 54. Ne7 Kf4 55. c8=Q Bxc8 56. Nxc8 Kxg4 57. a4 Kf5 58. Kxb3 Ke6
59. Kb4 Kd7 60. Nb6+ Kc6 61. Nc4 h5 62. Ne5+ Kb6 63. Ng6 Ka6 64. a5 Ka7 65. Kb5
Kb7 66. a6+ Ka7 67. Ka5 Ka8 68. Kb6 Kb8 69. a7+ Ka8 70. Nf4 1-0

[Event "Madrid-ch Semifinal B"]
[Site "Madrid ESP"]
[Date "2016.03.04"]
[Round "2.10"]
[White "Fernandez Rios, Jose Francisco"]
[Black "Vukotic Jovsic, Dragan"]
[Result "0-1"]
[WhiteElo "1776"]
[BlackElo "1977"]
[PlyCount "108"]
[EventDate "2016.03.03"]
[EventType "swiss"]
[EventRounds "9"]
[EventCountry "ESP"]
[Source "lmi"]
[SourceDate "2016.03.03"]

1. d4 c5 2. d5 Nf6 3. c4 b5 4. Nf3 Bb7 5. Qb3 Qb6 6. Qxb5 Qxb5 7. cxb5 Nxd5 8.
Bd2 g6 9. Nc3 Bg7 10. e3 a6 11. a4 O-O 12. Rc1 Nxc3 13. Bxc3 Bxc3+ 14. Rxc3
axb5 15. Bxb5 d6 16. Ke2 Ba6 17. Bxa6 Nxa6 18. Nd2 Rfb8 19. b3 Nb4 20. Rb1 Kg7
21. Nc4 Nd5 22. Rd3 Nf6 23. Na3 Rb4 24. Rc1 Ng4 25. Nb5 Ne5 26. Rdc3 c4 27. Nc7
Ra5 28. bxc4 Raxa4 29. c5 Rb2+ 30. R1c2 Raa2 31. Rxb2 Rxb2+ 32. Kf1 dxc5 33.
Na6 c4 34. f4 Nd3 35. Rxc4 Rf2+ 36. Kg1 Re2 37. h3 Rxe3 38. Rd4 h5 39. Nb4 Re1+
40. Kh2 Nxb4 41. Rxb4 h4 42. Rb3 Rf1 43. Rb4 Kf6 44. g4 g5 45. fxg5+ Kxg5 46.
Rb5+ f5 47. Kg2 Rf4 48. Rxf5+ Rxf5 49. gxf5 Kxf5 50. Kf3 e6 51. Ke3 Ke5 52. Kf3
Kd4 53. Kg4 e5 54. Kxh4 e4 0-1

[Event "Madrid-ch Semifinal B"]
[Site "Madrid ESP"]
[Date "2016.03.05"]
[Round "3.1"]
[White "Ramos del Campo, Alexander"]
[Black "Rojas Pozo, Jose Luis"]
[Result "1-0"]
[WhiteElo "2091"]
[BlackElo "2017"]
[PlyCount "109"]
[EventDate "2016.03.03"]
[EventType "swiss"]
[EventRounds "9"]
[EventCountry "ESP"]
[Source "lmi"]
[SourceDate "2016.03.03"]

1. e4 c6 2. d4 d5 3. e5 Bf5 4. Nf3 e6 5. Be2 Ne7 6. O-O Nd7 7. Nbd2 Bg6 8. Nb3
Nf5 9. Bd2 Be7 10. g4 Nh4 11. Nxh4 Bxh4 12. f4 Be4 13. Bf3 Be7 14. Bxe4 dxe4
15. Qe2 Nb6 16. Qxe4 Qd5 17. Qxd5 cxd5 18. Rad1 Nc4 19. Bc1 h5 20. g5 g6 21.
Nc5 Bxc5 22. dxc5 O-O-O 23. Rd3 Rd7 24. Rfd1 Rhd8 25. b3 Na5 26. Bd2 Nc6 27.
Be1 a5 28. a3 Kc7 29. b4 axb4 30. axb4 Ra8 31. Rb3 Ra2 32. b5 Ne7 33. Rdb1 Rd8
34. c6 b6 35. Bf2 Rda8 36. R3b2 Rxb2 37. Rxb2 Ra4 38. Bc5 Nc8 39. Bb4 Ra1+ 40.
Kf2 Rh1 41. Ra2 Rxh2+ 42. Kg3 Re2 43. Bd6+ Nxd6 44. Ra7+ Nb7 45. Rxb7+ Kc8 46.
Rxf7 Rxc2 47. Re7 Rc5 48. Rxe6 Rxb5 49. Rxg6 Rc5 50. Rh6 Kd8 51. g6 Ke7 52. f5
h4+ 53. Kxh4 d4 54. f6+ Ke6 55. g7 1-0

[Event "Madrid-ch Semifinal B"]
[Site "Madrid ESP"]
[Date "2016.03.05"]
[Round "3.2"]
[White "Quispe Arteaga, Gabriel"]
[Black "Cruz Gonzalez, Antonio"]
[Result "1-0"]
[WhiteElo "2059"]
[BlackElo "1709"]
[PlyCount "120"]
[EventDate "2016.03.03"]
[EventType "swiss"]
[EventRounds "9"]
[EventCountry "ESP"]
[Source "lmi"]
[SourceDate "2016.03.03"]

1. d4 Nf6 2. c4 g6 3. e3 b6 4. Nf3 Bb7 5. Nc3 d5 6. Bd3 Bg7 7. O-O O-O 8. b3 c6
9. Bb2 Nbd7 10. Qe2 Re8 11. cxd5 Nxd5 12. Nxd5 cxd5 13. Rac1 e5 14. Bb5 Re6 15.
Bxd7 Qxd7 16. dxe5 h6 17. Rfd1 Rc8 18. Rc2 Rxc2 19. Qxc2 Rc6 20. Qd2 Rc8 21.
Qd4 Qe6 22. h3 Rc2 23. Ne1 Rc8 24. Nd3 g5 25. Qa4 a5 26. Qd4 Rc2 27. Ne1 Rc8
28. Ba1 Re8 29. Nf3 Rc8 30. Qd3 Qg6 31. Qb5 Qc6 32. Qd3 Qg6 33. Qxg6 fxg6 34.
e6 Bxa1 35. Rxa1 Kg7 36. Nd4 Kf6 37. Rb1 Rc7 38. a4 Bc8 39. b4 Rc4 40. bxa5
bxa5 41. Rb8 Ke7 42. Ra8 Bxe6 43. Rxa5 Bd7 44. Ra7 Rxa4 45. Nc6+ Kd6 46. Rxa4
Bxc6 47. Ra7 Bd7 48. Kf1 Bf5 49. Ke2 h5 50. Kd2 g4 51. hxg4 hxg4 52. Kc3 Be4
53. Kd4 Bxg2 54. Ra6+ Ke7 55. Rxg6 Bf3 56. Ke5 Kd7 57. Rd6+ Ke7 58. Rxd5 Bxd5
59. Kxd5 Kf6 60. Ke4 Kg5 1-0